000 00696nam a2200205Ii 4500
003 JO-AjNU
008 230605s9999||||xx |||||||||||||| ||und||
040 _aJO-AjNU
_bara
_erda
_cJO-AjNU
041 _aara
050 1 4 _aK52.A7.F3742.1982
100 3 _aتأليف الفاروقي، حارث سليمان,
_eauthor
_947178
245 0 0 _aالمعجم القانوني : إنكليزي، عربي
250 _aط4
264 3 1 _aبيروت: مكتبة لبنان، 1982
300 _a738ص
336 _atext
_btxt
_2rdacontent
337 _aunmediated
_bn
_2rdamedia
338 _avolume
_bnc
_2rdacarrier
650 4 _aالقانون -- معاجم -- القانون -- مصطلحات
_947179
999 _aA20576
_c24144
_d24144